000 01237nam2a2200241 4500
001 rc\2998820
005 20260315063559.0
035 _a(NLR Aleph) 007142354
090 _a13614844
_c13614844
100 _a20110920d1946 u y0rusy50 ca
101 0 _arus
102 _aRU
105 _ay j |||||
200 1 _aИстория СССР. Отмена крепостного права и революционно-демократическое движение в России 50-60-х годов XIX в. Развитие капитализма после крестьянской реформы
_eЛекции, прочит. в Высш. парт. школе при ЦК ВКП(б)
210 _d1946
215 _a132 с.
461 0 _1001rc\2998813
_12001#$aˆ[‰Курс истории СССР]$fВысшая парт. школа при ЦК ВКП(б)$vЛекции 45-50
_97068429
_cМосква
_d1944
_fВысшая парт. школа при ЦК ВКП(б)
_nБ. и.
_tˆ[‰Курс истории СССР]
_vЛекции 45-50
700 1 _aБурджалов
_bЭ.Н.
_gЭдуард Николаевич
801 0 _aRU
_bNLR
_gpsbo
801 1 _aRU
_bELAR
_2rusmarc
852 _aNLR
_jИр10 Г-5/27
942 _cUNSPEC
980 _aNB